| 000 | 00841nam a2200181Ia 4500 | ||
|---|---|---|---|
| 008 | 090124s9999 xx 000 0 und d | ||
| 082 | _b29461 | ||
| 100 | _aसहस्त्रबुद्धे अविनाश | ||
| 245 | _a इतिहासचार्य वि. का. राजवाडे वाड.्मय-सूची | ||
| 250 | _a1 | ||
| 260 |
_bलोकवाड्.मय गृह _c1991 |
||
| 300 | _a129 | ||
| 600 | _aसहस्त्रबुद्धे अविनाश | ||
| 630 | _a इतिहासचार्य वि. का. राजवाडे वाड.्मय-सूची | ||
| 700 | _aसहस्त्रबुद्धे अविनाश | ||
| 730 | _a इतिहासचार्य वि. का. राजवाडे वाड.्मय-सूची | ||
| 942 | _cBOOK | ||
| 999 |
_c95663 _d95663 |
||